000 00714nam a2200169 4500
003 IeDuTC
005 20181127180744.0
020 _a9780099765219
_c
100 1 _aPalahniuk, Chuck.
245 1 0 _aFight club /
_cChuck Palahniuk.
260 _aLondon :
_bVintage,
_cc1997, 2005.
300 _a224p.
520 _aThe story of a young man who discovers that his rage at living in a world filled with failure and lies cannot be pacified by an empty consumer culture. Relief for him and his disenfranchised peers comes in the form of secret after-hours boxing matches held in the basements of bars.
650 _aMillennialism -- Fiction.
_v
_x
_y
_z
_2
650 0 _aAggressiveness
_xFiction.
650 0 _aBoxing
_xFiction.
999 _c5095
_d5095